Retos sociales en América Latina: el papel de la protección social /
Guardado en:
| 主要作者: | |
|---|---|
| 格式: | 圖書 |
| 語言: | Spanish |
| 標簽: |
添加標簽
沒有標簽, 成為第一個標記此記錄!
|
MARC
| LEADER | 00000nam a22000007a 4500 | ||
|---|---|---|---|
| 003 | cru CIDCACS/IIS | ||
| 005 | 20191212154757.0 | ||
| 007 | ta | ||
| 008 | 191212t2009 ag |||||r||||||0| ||spa|d | ||
| 999 | |c 42759 |d 42759 | ||
| 040 | |c cru CIDCACS/IIS | ||
| 100 | 1 | |9 8874 |a Repetto, Fabián | |
| 245 | 1 | |a Retos sociales en América Latina: |b el papel de la protección social / |c Fabián Repetto | |
| 300 | |a páginas 3-6 | ||
| 773 | 0 | |0 42758 |9 4117 |d Buenos Aires: Fundación OSDE, 2009 |o 14106 |t Todavía: |x 16665864 | |
| 942 | |2 ddc |c LI | ||
